Virtual Reality Filmmaking

Uloženo v:
Podrobná bibliografie
Hlavní autor: Celine Tricart
Médium: Kniha
Vydáno: CRC Press
Témata:
VR
Tagy: Přidat tag
Žádné tagy, Buďte první, kdo vytvoří štítek k tomuto záznamu!

MARC

LEADER 00000nam a2200000Ia 4500
005 20260427112731.0
526 |b Immersive Arts 
100 |a Celine Tricart 
020 |a 9781138233966 
650 |a VR 
526 |a Masters 
942 |c BK 
245 |a Virtual Reality Filmmaking 
260 |b CRC Press 
999 |c 130  |d 130 
952 |0 0  |1 0  |4 0  |7 0  |8 4  |a BRISTOL  |b BRISTOL  |d 2026-04-22  |l 0  |p 000127  |r 2026-04-27 11:27:31  |w 2026-04-27  |y BK